Phonétique - Pokémon 7ème Gén. - Statistiques

Statistiques générales
  • Ce quiz a été pris 17 fois
  • Le résultat moyen est 26 sur 30
Statistiques - réponses
Phonétique Réponse % Correct
/aʁʃedyk/ Archéduc
100%
/bazukɑ̃/ Bazoucan
100%
/bebekaj/ Bébécaille
100%
/bumata/ Boumata
100%
/buʁinos/ Bourrinos
100%
/bʁɛ̃dibu/ Brindibou
100%
/kɑ̃kʁəlɔv/ Cancrelove
100%
/kɔsmɔg/ Cosmog
100%
/kʁabagaʁ/ Crabagarre
100%
/kʁabominabl/ Crabominable
100%
/kʁokin/ Croquine
100%
/dɑ̃tikʁis/ Denticrisse
100%
/dʁajœl/ Draïeul
100%
/ekajzəʁ/ Ekaïser
100%
/felinfeʁno/ Félinferno
100%
/floʁamɑ̃tis/ Floramantis
100%
/katagami/ Katagami
100%
/lugaʁɔk/ Lougaroc
100%
/magɛʁna/ Magearna
100%
/malamɑ̃dʁ/ Malamandre
100%
/maʁʃado/ Marshadow
100%
/mɛlmetal/ Melmetal
100%
/mɛltan/ Meltan
100%
/meteno/ Météno
100%
/mimɑ̃tis/ Mimantis
100%
/muskoto/ Mouscoto
100%
/nunuʁsɔ̃/ Nounourson
100%
/pikaso/ Picassaut
100%
/pikleʁɔ̃/ Piclairon
100%
/pjeʁotɛknik/ Pierroteknik
100%
/plymlin/ Plumeline
100%
/prɛdasteʁi/ Prédastérie
100%
/ʁokabo/ Rocabot
100%
/sinistʁaj/ Sinistrail
100%
/sɔlgaleo/ Solgaleo
100%
/spododo/ Spododo
100%
/taʁɑ̃byl/ Tarenbulle
100%
/tibudɛ/ Tiboudet
100%
/tokopisko/ Tokopisco
100%
/tokoʁiko/ Tokorico
100%
/tokotoʁo/ Tokotoro
100%
/tip.zeʁo/ Type:0
100%
/vəmini/ Vemini
100%
/voʁasteʁi/ Vorastérie
100%
/zeʁaoʁa/ Zeraora
100%
/zeʁoid/ Zéroïd
100%
/fʁusaʁdin/ Froussardine
88%
/matufø/ Matoufeu
88%
/lunala/ Lunala
86%
/mimiki/ Mimiqui
86%
/nekʁɔzma/ Necrozma
86%
/oʁatoʁja/ Oratoria
86%
/saʁmuʁaj/ Sarmuraï
86%
/ama.ama/ Ama-Ama
83%
/kablifɛʁ/ Câblifère
83%
/kʁizapil/ Chrysapile
83%
/geʁilɑ̃d/ Guérilande
83%
/lykanɔ̃/ Lucanon
83%
/otakɛ̃/ Otaquin
83%
/tokopijɔ̃/ Tokopiyon
83%
/bɑ̃bwazɛl/ Bamboiselle
80%
/laʁvibyl/ Larvibule
80%
/silvalje/ Silvallié
80%
/ekaid/ Ecaïd
78%
/ʁybɔ̃bɛl/ Rubombelle
78%
/tʁitɔks/ Tritox
78%
/aʁakwa/ Araqua
75%
/ʃøluʁs/ Chelours
75%
/ɑ̃glutiʁɑ̃/ Engloutyran
75%
/otaʁlɛt/ Otarlette
75%
/sovkipu/ Sovkipou
75%
/sykʁɛn/ Sucreine
75%
/togedemaʁu/ Togedemaru
75%
/tʁepasabl/ Trépassable
75%
/kɑ̃din/ Candine
73%
/flamjau/ Flamiaou
71%
/guʁutɑ̃/ Gouroutan
71%
/bakabu/ Bacabouh
67%
/dodoala/ Dodoala
67%
/mɑ̃glutɔ̃/ Manglouton
67%
/kwaʁtəʁmak/ Quartermac
67%
/aʁgust/ Argouste
60%
/bɔ̃bidu/ Bombydou
60%
/kɔsmovɔm/ Cosmovum
60%
/lɑ̃piɲɔ̃/ Lampignon
60%
/mɑ̃dʁijɔ̃/ Mandrillon
50%
/eflɛʃ/ Efflèche
0%
Aucun quiz correspondant
Distribution des résultats
% des personnes avec chaque résultat
Percentile par nombre de réponses
Votre historique - résultats
Vous n’avez pas pris ce quiz